| 000 | 00604nam a22001097a 4500 | ||
|---|---|---|---|
| 008 | 110620t xxu||||| |||| 00| 0 eng d | ||
| 010 | _aCACAF62 M-Z | ||
| 245 | _aCourt of Appeal Civil Appeal No. 27 OF 2002 The Registered Trustees of Khoja Shaith Jamaat Vs Uganda Muslim Supreme Council | ||
| 260 | _c2002 | ||
| 500 | _aCoram: Hon. Justice A.E.N. Mpagi-Bahigeine, JA Hon. Justice S.G. Engwau, JA Hon. Justice A. Twinomugisha, JA | ||
| 500 | _aAppeal from the Ruling/Order of the High Court at Mbale Mwondha, J dated 21.03.2002 in High Court Miscellaneous Application No. 0020 of 2002 | ||
| 999 |
_c3311 _d3311 |
||